000 00518nam a2200193 i 4500
001 130034
003 ES-MaACL
005 20230906193628.0
007 t|
008 070716s1947 sp ||||1| spa d
100 1 _aZunzunegui, Juan Antonio de.
_9118511
245 1 3 _aLa quiebra /
_cJuan Antonio Zunzunegui.
260 _aMadrid :
_bMayfe (
_fBolaƱos y Aguilar)
300 _a2 v. ;
_c18 cm.
490 1 _aMayfe
830 0 _aMayfe
_9219408
852 _aES-MaACL
_jC-4018-19
_bR.23798
999 _c130034
_d130034